<?xml version="1.0" encoding="UTF-8"?>
<collection xmlns="http://www.loc.gov/MARC21/slim">
 <record>
  <leader>01571nam a22002297a 4500</leader>
  <controlfield tag="001">NCT_45348</controlfield>
  <controlfield tag="008">171122b        xxu||||| |||| 00| 0 vie d</controlfield>
  <datafield tag="999" ind1=" " ind2=" ">
   <subfield code="c">2168</subfield>
   <subfield code="d">2168</subfield>
  </datafield>
  <datafield tag="020" ind1=" " ind2=" ">
   <subfield code="c">78000</subfield>
  </datafield>
  <datafield tag="082" ind1=" " ind2=" ">
   <subfield code="2">22nd ed.</subfield>
   <subfield code="a">005.13</subfield>
   <subfield code="b">S312</subfield>
  </datafield>
  <datafield tag="100" ind1="1" ind2="0">
   <subfield code="a">Nguyễn Trường Sinh</subfield>
   <subfield code="e">Chủ biên</subfield>
  </datafield>
  <datafield tag="245" ind1="1" ind2="0">
   <subfield code="a">Học thiết kế web bằng hình minh họa</subfield>
   <subfield code="n">Tập 1</subfield>
   <subfield code="c">Nguyễn Trường Sinh</subfield>
  </datafield>
  <datafield tag="260" ind1=" " ind2=" ">
   <subfield code="b">Phương Đông</subfield>
   <subfield code="c">2007</subfield>
   <subfield code="a">Tp.Hồ Chí Minh</subfield>
  </datafield>
  <datafield tag="300" ind1=" " ind2=" ">
   <subfield code="a">403tr</subfield>
   <subfield code="b">Ảnh minh họa</subfield>
   <subfield code="c">24cm</subfield>
  </datafield>
  <datafield tag="520" ind1=" " ind2=" ">
   <subfield code="a">Quyển bao gồm 7 phần chính: Định dạng các trang với HTML; XML, và CSS; Sử dụng HTML với Javascript để tạo tính tương tác; Sử dụng tiêu đề, đường kẻ và liên kết; Tìm hiểu CSS, Tạo bản đồ ảnh phía máy chủ; Bổ sung đa phương tiện với Flash; Xây dựng biểu mẫu để thu thập dữ liệu.</subfield>
  </datafield>
  <datafield tag="653" ind1=" " ind2=" ">
   <subfield code="a">Thiết kế web</subfield>
  </datafield>
  <datafield tag="655" ind1=" " ind2=" ">
   <subfield code="a">Công nghệ thông tin</subfield>
  </datafield>
  <datafield tag="942" ind1=" " ind2=" ">
   <subfield code="2">ddc</subfield>
   <subfield code="c">BK</subfield>
  </datafield>
  <datafield tag="952" ind1=" " ind2=" ">
   <subfield code="0">0</subfield>
   <subfield code="1">0</subfield>
   <subfield code="2">ddc</subfield>
   <subfield code="4">0</subfield>
   <subfield code="6">005_130000000000000_S312</subfield>
   <subfield code="7">0</subfield>
   <subfield code="9">12449</subfield>
   <subfield code="a">000001</subfield>
   <subfield code="b">000001</subfield>
   <subfield code="d">2018-07-07</subfield>
   <subfield code="o">005.13 S312</subfield>
   <subfield code="p">MD.02173</subfield>
   <subfield code="r">2018-07-07</subfield>
   <subfield code="v">78000.00</subfield>
   <subfield code="w">2018-07-07</subfield>
   <subfield code="y">BK</subfield>
  </datafield>
  <datafield tag="952" ind1=" " ind2=" ">
   <subfield code="0">0</subfield>
   <subfield code="1">0</subfield>
   <subfield code="2">ddc</subfield>
   <subfield code="4">0</subfield>
   <subfield code="6">005_130000000000000_S312</subfield>
   <subfield code="7">0</subfield>
   <subfield code="9">12450</subfield>
   <subfield code="a">000001</subfield>
   <subfield code="b">000001</subfield>
   <subfield code="d">2018-07-07</subfield>
   <subfield code="o">005.13 S312</subfield>
   <subfield code="p">MD.02174</subfield>
   <subfield code="r">2018-07-07</subfield>
   <subfield code="v">78000.00</subfield>
   <subfield code="w">2018-07-07</subfield>
   <subfield code="y">BK</subfield>
  </datafield>
  <datafield tag="952" ind1=" " ind2=" ">
   <subfield code="0">0</subfield>
   <subfield code="1">0</subfield>
   <subfield code="2">ddc</subfield>
   <subfield code="4">0</subfield>
   <subfield code="6">005_130000000000000_S312</subfield>
   <subfield code="7">0</subfield>
   <subfield code="9">12451</subfield>
   <subfield code="a">000001</subfield>
   <subfield code="b">000001</subfield>
   <subfield code="d">2018-07-07</subfield>
   <subfield code="l">2</subfield>
   <subfield code="o">005.13 S312</subfield>
   <subfield code="p">MD.02175</subfield>
   <subfield code="r">2018-12-20</subfield>
   <subfield code="s">2018-12-06</subfield>
   <subfield code="v">78000.00</subfield>
   <subfield code="w">2018-07-07</subfield>
   <subfield code="y">BK</subfield>
  </datafield>
  <datafield tag="980" ind1=" " ind2=" ">
   <subfield code="a">Thư viện Trường Đại học Nam Cần Thơ</subfield>
  </datafield>
 </record>
</collection>
